What to do with the gifted child : (Record no. 102421)
[ view plain ]
| 000 -LEADER | |
|---|---|
| fixed length control field | 00525nam a2200157 a 4500 |
| 005 - DATE AND TIME OF LATEST TRANSACTION | |
| control field | 20140412111235.0 |
| 008 - FIXED-LENGTH DATA ELEMENTS--GENERAL INFORMATION | |
| fixed length control field | 001120s19uu xx 00 eng d |
| 020 ## - INTERNATIONAL STANDARD BOOK NUMBER | |
| International Standard Book Number | 0-865301743 |
| 050 ## - LIBRARY OF CONGRESS CALL NUMBER | |
| Classification number | TR(GS 371.95 |
| Item number | COC |
| 100 ## - MAIN ENTRY--PERSONAL NAME | |
| Personal name | Cochran, Judith |
| 245 ## - TITLE STATEMENT | |
| Title | What to do with the gifted child : |
| Remainder of title | meeting the needs of the gifted child in the regular classroom / |
| Statement of responsibility, etc | Judith Cocharan. |
| 260 ## - PUBLICATION, DISTRIBUTION, ETC. (IMPRINT) | |
| Place of publication, distribution, etc | Nashville, Tennessee : |
| Name of publisher, distributor, etc | Incentive Pub., Inc, |
| Date of publication, distribution, etc | 1992. |
| 300 ## - PHYSICAL DESCRIPTION | |
| Extent | 79 p. |
| 650 ## - SUBJECT ADDED ENTRY--TOPICAL TERM | |
| Topical term or geographic name as entry element | Gifted children -- education |
| Withdrawn status | Lost status | Damaged status | Home library | Current library | Shelving location | Date acquired | Total Checkouts | Full call number | Barcode | Date last seen | Price effective from | Koha item type |
|---|---|---|---|---|---|---|---|---|---|---|---|---|
| Elizalde Library | Elizalde Library | Teachers Reference Section | 11/20/2000 | TR(GS 371.95 COC | E1695 | 04/12/2014 | 04/12/2014 | Books |